Główne skały budujące góry w Polsce - Statystyki

Ogólne statystyki
  • Ten quiz został rozwiązany 23 razy
  • Średni wynik to 17 z 28
Statystyki odpowiedzi
Nazwa Pasma Górskiego Główna skała je budująca % Poprawnych
Góry Świętokrzyskie wapienie
93%
Góry Kaczawskie wapienie
93%
Pieniny wapienie
93%
Karkonosze granity
73%
Masyw Ślęży granity
73%
Tatry granity
73%
Rudawy Janowickie granity
73%
Góry Stołowe piaskowce
67%
Beskid Makowski piaskowce
67%
Beskid Mały piaskowce
67%
Beskid Niski piaskowce
67%
Beskid Sądecki piaskowce
67%
Beskid Śląski piaskowce
67%
Beskid Wyspowy piaskowce
67%
Beskid Żywiecki piaskowce
67%
Bieszczady piaskowce
67%
Gorce piaskowce
67%
Góry Bardzkie piaskowce
67%
Góry Sanocko-Turczańskie piaskowce
67%
Góry Izerskie gnejsy
47%
Góry Sowie gnejsy
47%
Masyw Śnieżnika gnejsy
47%
Góry Wałbrzyskie porfiry
40%
Góry Kamienne porfiry
40%
Góry Złote łupki
27%
Góry Bystrzyckie łupki
27%
Góry Opawskie łupki
27%
Góry Orlickie łupki
27%
Nie znaleziono quizów pasujących do podanych kryteriów
Rozkład punktacji
Procent ludzi z każdym wynikiem
Percentyl według liczby udzielonych odpowiedzi
Twoja historia wyników
Nie rozwiązałeś tego quizu